| 000 | 00700nam a2200217 u 4500 | ||
|---|---|---|---|
| 005 | 20210223130441.0 | ||
| 008 | 080520s2005 es r 000 0 spa d | ||
| 020 | _a9788426115904 | ||
| 035 | _aUPN01000156035 | ||
| 049 | _aCG | ||
| 050 | 4 |
_aD770 _bS5.5 2005 |
|
| 100 | 1 |
_aSierra, Luis de la, _d1920- |
|
| 245 | 1 | 3 |
_aLa guerra naval en el Pacífico (1941-1945) / _cLuis de la Sierra. |
| 250 | _a4a ed. | ||
| 260 |
_aBarcelona, Esp. : _bJuventud, _c2005. |
||
| 300 |
_a619 p. : _bil. |
||
| 440 | 0 | _aViajes y expediciones | |
| 650 | 4 |
_aGUERRA MUNDIAL II, 1939-1945 - _xOPERACIONES NAVALES _912011 |
|
| 650 | 4 |
_aGUERRA MUNDIAL II, 1939-1945 - _xCAMPAÑAS - _zOCEANO PACIFICO _917357 |
|
| 905 | _aLibro | ||
| 999 |
_c128149 _d128149 |
||